000 00574nam a2200217Ia 4500
003 OSt
005 20220928140155.0
006 a|||||r|||| 00| 0
007 ta
008 220927b |||||||| |||| 00| 0 eng d
024 _a7203
037 _cTextual
040 _aSDCL
_cSDCL
_beng
041 _2eng
_aeng
082 _aD6,8(2):8, N9
100 _aKhosrowpour Mehdi
_9494381
245 0 _aSuccess and pitfalls of information technology management
260 _c1999
942 _hD6,8(2):8, N9
_cTEXL
_2CC
999 _c810296
_d810296